| 000 | 00652 a2200169 4500 | ||
|---|---|---|---|
| 003 | Nust | ||
| 005 | 20170207153454.0 | ||
| 040 | _cNust | ||
| 082 | _a910.9 | ||
| 100 | _aSmith,Webster | ||
| 245 |
_aSome Triumphs of Modern Exploration _cWebster Smith |
||
| 260 |
_aIndia _bBlackie |
||
| 300 | _a223:P | ||
| 505 | _aIn and Around Lhasa (Page-15), The Conquest of Roraima (Page-51), Sir John Murray (Page-71), Perseverance Peary (Page-104), In Indian Borderlands (Page-148), Adventures of the Duke (Page-165), The Attainment of the North Pole (Page-192), Dr. Thoroddsen (Page-215), | ||
| 538 | _aAlmirah No.53 and Shelf No.6 | ||
| 650 | _a Modern Exploration | ||
| 942 |
_2ddc _cBK |
||
| 999 |
_c187005 _d187005 |
||